000 00624cab a2200193 4500
001 ABS43646
008 090401t1990 xxu||||| |||| 00| 0 eng d
035 _a(Sirsi) u42742
041 _aeng
245 _aCentrefolio : South Yorkshire
260 _c1990
350 _a0
490 _aChartered Surveyor Weekly
_v33 (8) 22 November 1990, 44-88 (14)
520 _aLooks at office retail and industrial market in Sheffield , Hull Scunthorpe Rotherham Leeds Bradford Halifax and York .
650 _aMEADOWHALL
690 _aPROPERTY-COMMERCIAL PROPERTY-COMMERCIAL PROPERTY MARKET
942 _n0
948 _c04/03/1997
999 _c27348
_d27348